Contos para rir (Registo nº 4145)

Detalhes MARC
000 -Etiqueta do registo
Cabeçalho 00694nam a2200241 4500
005 - Identificador da versão
Campo de controlo 20240813122053.0
010 ## - Número internacional normalizado dos livros (ISBN)
Número (ISBN) 9722621394
021 ## - Número do Depósito Legal
Código do país PT
Número 215208/04
100 ## - Dados gerais de processamento
Dados gerais de processamento 20071004d2004 cd y0pory5003 ba
102 ## - Pais de publicação ou produção
País de publicação Portugal
101 0# - Língua de publicação
Língua do texto, banda sonora, etc. Português
215 ## - Descrição física 
Indicação específica da natureza do documento e extensão da espécie 116 p.
Outras indicações físicas muito il.
Dimensões 34 cm
200 1# - Titulo e menção de responsabilidade
Título próprio Contos para rir
Primeira menção de responsabilidade Luísa Ducla Soares
Outras menções de responsabilidade il. Sandra Abafa
210 ## - Publicação, Distribuição, etc. 
Lugar da edição, distribuição, etc. Porto
Nome do editor, distribuidor, etc. Civilização
Data da publicação, distribuição, etc. imp. 2004
305 ## - Notas relativas à edição e história bibliográfica da publicação 
Texto da nota Livro recomendado pelo Plano Nacional de Leitura 2007
675 ## - Classificação Decimal Universal (CDU)
Notação 821.134.3-3
Edição BN
Língua da edição por
702 #1 - Nome de autor-pessoa física (responsabilidade secundária)
Número de registo de entrada de autoridade 0000788
Palavra de ordem Abafa
Outra parte do nome não tomada para palavra de ordem Sandra
Código de função Ilustrador / Técnico de desenho computorizado
700 #1 - Nome de autor-pessoa física (responsabilidade principal)
Número de registo de entrada de autoridade 0000130
Palavra de ordem Soares
Outra parte do nome não tomada para palavra de ordem Luísa Ducla
966 ## - Identificação da Biblioteca
Sigla EBVendas
942 ## - Elementos de entrada adicionados (Koha)
Tipo de item no Koha Livro
Exemplares
Situação do levantamento Origin of item (home branch) (coded) Biblioteca de empréstimo Código de barras Cota Circulation type (not for loan) Tipo de documento Nota do exemplar Damaged status
  Biblioteca Escolar das Vendas Biblioteca Escolar das Vendas BEV1598 8POR SOA   Livro Sem mensagem